000 00454nam a2200181Ia 4500
001 17675
003 IN-NITTTR
005 20251114233207.0
008 251113s9999||||xx |||||||||||||| ||eng||
040 _beng
040 _cIN-NITTTR
041 _aeng
082 _a671.53 J953F
100 _aJuneja, B. L.
245 0 _aFundamentals of metal cutting & machine tools. /
_cJuneja, B. L., Sekhon, G. S.
700 _a Sekhon, G. S.
942 _2ddc
_cBK
999 _c20309
_d20309